Normal view MARC view
  • Supervisor: Dr. Muhammad Bilal Kadri

Entry Personal Name

Number of records used in: 1

001 - CONTROL NUMBER

  • control field: 127288

003 - CONTROL NUMBER IDENTIFIER

  • control field: NUST

005 - DATE AND TIME OF LATEST TRANSACTION

  • control field: 20241231134217.0

008 - FIXED-LENGTH DATA ELEMENTS

  • fixed length control field: 241231|| aca||aabn | a|a d

040 ## - CATALOGING SOURCE

  • Original cataloging agency: NUST
  • Transcribing agency: NUST

100 ## - HEADING--PERSONAL NAME

  • Personal name: Supervisor: Dr. Muhammad Bilal Kadri

670 ## - SOURCE DATA FOUND

  • Source citation: Work cat.: (NUST)535417: Karim Iqbal, Danish 29977, Design and Development of a test rig for testing of Fuzzy controller/, 2013.
© 2023 Central Library, National University of Sciences and Technology. All Rights Reserved.